| 000 | 01064nam a2200325 i 4500 | ||
|---|---|---|---|
| 999 |
_c7339 _d7339 |
||
| 001 | .b74798674 | ||
| 003 | OSt | ||
| 005 | 20210423094417.0 | ||
| 008 | 201219e202011 spc|||| |||| 000 0bspa|c | ||
| 015 |
_aLL2021 _2bnc |
||
| 017 |
_aDL B 13416-2020 _bBiblioteca de Catalunya |
||
| 020 | _a9788490668719 | ||
| 040 |
_aES-BaBAB _bcat _erda _cES-BaBAB |
||
| 080 |
_a929Quintà, Alfons _22004 |
||
| 100 | 1 |
_aAmat, Jordi, _d1978- _eautor |
|
| 245 | 1 | 3 |
_aEl Hijo del chófer / _cJordi Amat |
| 250 | _a1a edició | ||
| 264 | 1 |
_aBarcelona : _bTusquets Editores, _cnoviembre de 2020 |
|
| 300 |
_a252 pàgines ; _c23 cm |
||
| 336 |
_atext _btxt _2rdacontent |
||
| 337 |
_asense mediació _bn _2rdamedia |
||
| 338 |
_avolum _bnc _2rdacarrier |
||
| 490 | 1 |
_aColección andanzas ; _v977 |
|
| 600 | 1 | 7 |
_aQuintà i Sadurní, Alfons, _d1943-2016 _2lemac |
| 650 | 7 |
_aPeriodistes _zCatalunya _xBiografia _2lemac |
|
| 830 | 0 |
_aAndanzas (Tusquets Editores) ; _v977 |
|
| 907 |
_a.b74798674 _b15-03-21 _c19-12-20 _d19-12-20 _em _fa _g- _hspa _ispc _j0 _k0 |
||
| 940 | _aBAB | ||
| 942 |
_2udc _cMON |
||